VIACPERIODICKÝ OPTIMALIZAČNÝ MODEL INVESTIČNÉHO ZÁMERU OBSTARANIA MECHANIZAČNÝCH PROSTRIEDKOV

Bibliographic Details
Main Author: Repiský, Jozef (Author)
Format: Article
Language:Slovak
ISBN:8071379727

MARC

LEADER 00000naa a2200000uu 4500
001 vtls011086438
003 SK-MaSNL
005 20260302105408.0
008 210905|2001 xo |||||||||||||||||slo|
015 |a SNBRA 
035 |a (urnnbn)urn:nbn:sk:snk:ar-a0cmsw 
035 |a (uuid)29d48092-0b23-4d75-b508-5e6ac6bfd79c 
035 |a urn:nbn:sk:snk-aavsnr 
040 |a SNKBUCL  |b slo  |c SNKBUCL  |e AACR2 
041 0 |a slo 
044 |a xo  |c SK 
100 1 |a Repiský, Jozef  |4 aut  |9 12441 
245 1 0 |a VIACPERIODICKÝ OPTIMALIZAČNÝ MODEL INVESTIČNÉHO ZÁMERU OBSTARANIA MECHANIZAČNÝCH PROSTRIEDKOV  |c Jozef Repiský 
246 3 |a MULTIPERIODIC OPTIMIZATION MODEL OF INVESTMENT PROJECT OF ACQUISITION OF MEANS OF MECHANIZATION 
773 0 |t "Faktory podnikovej úspešnosti"  |d V Nitre : Slovenská poľnohospodárska univerzita, 2001  |g S. 240-246  |z 8071379727 
958 |a OND 
958 |a article12 
958 |a chapter 
999 |c 1238513  |d 1240443